European Capitals By Picture - Statistics

General Stats
  • This quiz has been taken 105 times
  • The average score is 14 of 16
Answer Stats
Picture Answer % Correct
London
100%
Paris
100%
Athens
97%
Moscow
97%
Amsterdam
96%
Rome
90%
Copenhagen
89%
Prague
89%
Madrid
85%
Budapest
83%
Oslo
83%
Sofia
79%
Bucharest
76%
Belgrade
65%
Bratislava
65%
Zagreb
63%
No matching quizzes found
Score Distribution
Percent of People with Each Score
Percentile by Number Answered
Your Score History
You have not taken this quiz